00250nam a2200097 a 450000500170000000800410001705000210005824500180007926000350009744000200013220140414132113.0110817s19uu xx 00 eng d aREF 503bO7 1990 aUsing energy. aSingapore :bWorl book,c1990. aYoung Scientist